[Event "Yingmei CHN-chT 2018"]
[Site "Guangdong"]
[Date "2018.11.30"]
[Round "22"]
[White "Girya, Olga"]
[Black "Xiao, Yiyi"]
[Result "1-0"]
[WhiteElo "2318"]
[BlackElo "2375"]
[Annotator "TA"]
[PlyCount "101"]
[EventDate "2018.07.09"]
[EventType "team-tourn"]
[EventCountry "CHN"]
[SourceTitle "playchess.com"]
[Source "ChessBase"]
[SourceQuality "1"]

{[%evp 24,101,6,6,38,0,40,39,32,30,55,27,27,27,27,23,41,31,41,39,40,36,44,23,43,10,51,25,69,75,68,57,71,11,0,0,15,0,0,0,0,0,0,0,15,21,273,169,170,187,186,167,234,227,306,304,254,112,466,458,451,448,448,445,448,448,448,448,448,448,617,574,708,701,1891,1808,1775,1940,1303,1293]} 1. d4 Nf6 2. c4 e6 3. Nc3 d5 4. Bg5 Be7 5. e3 h6 6. Bxf6 Bxf6 7. Nf3 O-O 8. Rc1 c6 9. Bd3 Nd7 10. O-O dxc4 11. Bxc4 e5 12. d5 {D55: Queen's Gambit Declined: 4 Bg5 Be7: Lines without ...h6 and 6...h6 7 Bxf6} (12. Bb3 exd4 13. exd4 Re8 14. h3 Nb6 15. Re1 Bf5 16. g4 Bg6 17. Rxe8+ Qxe8 18. Qd2 Qd7 19. Qf4 Re8 20. Rd1 Qc8 21. Ne5 Bxe5 22. dxe5 Rd8 23. Rd4 Qc7 {1-0 (43) Radjabov,T (2751)-Sargissian,G (2691) Batumi 2018}) 12... Nb6 13. Qb3 {LiveBook: 3 Games} cxd5 14. Nxd5 $146 {White is slightly better.} ({Predecessor:} 14. Bxd5 Nxd5 15. Nxd5 Be6 16. Nxf6+ Qxf6 17. Qxb7 Rab8 18. Qe4 Rxb2 19. a4 a5 20. Qxe5 Qxe5 21. Nxe5 {½-½ (54) Azamfirei,R-Harrison,J ICCF email 2016}) 14... e4 15. Nxf6+ Qxf6 16. Nd4 Qg6 17. Rfe1 Nxc4 18. Qxc4 Bh3 {[%csl Gh3][%cal Rg6g2] [#]} 19. Qf1 Rad8 20. Rc7 Rd7 21. Rc5 Rfd8 22. Rec1 a6 23. a4 Bg4 24. Kh1 Rd5 (24... Rxd4 $5 25. exd4 Rxd4 $14) 25. b4 Rxd4 26. exd4 Rxd4 27. Qe1 Qe6 28. Qc3 (28. a5 $16) 28... Qd6 $11 29. Re1 Be6 30. a5 Bd7 31. Kg1 Bc6 32. h3 Kh7 33. Rc1 Bb5 34. Rc7 $36 {[%mdl 2048] White is pushing.} Qf6 $2 {[%mdl 8192]} (34... Rd3 $1 $11 {and Black is okay.} 35. Qc5 Qf4) 35. Qe3 Bc6 36. Rxf7 $1 Qe5 37. f4 Qd5 (37... Qd6 {was worth a try.} 38. Qg3 Qg6 39. Qxg6+ Kxg6) 38. Re7 $18 {[#] Threatens to win with Qg3.} Rxb4 39. Qc3 {[%csl Ge7][%cal Rc3g7]} Qd4+ 40. Kh2 (40. Qxd4 $18 Rxd4 41. Rc3) 40... Qxc3 $4 {[%mdl 8192]} (40... e3 $16 {is a better chance.} 41. Qxe3 (41. Rxe3 Qxf4+ 42. Rg3 Qd4 $16) 41... Qxe3 42. Rxe3 Rxf4) 41. Rxc3 $16 {[%mdl 4096] Endgame KRR-KRB. White is clearly winning.} Kg6 42. Rg3+ Kf5 43. Rf7+ Ke6 44. Rgxg7 Rb5 45. Re7+ Kd6 46. Re5 Bd5 47. Rg6+ Kc5 48. Rxh6 Kd4 49. Rd6 Rxa5 50. h4 {[%cal Bh3h4,Bh4h5][%mdl 32]} Rc5 51. h5 {Accuracy: White = 54%, Black = 34%.} 1-0

[Event "Yingmei CHN-chT 2018"]
[Site "Guangdong"]
[Date "2018.11.30"]
[Round "22"]
[White "Li, Ruofan"]
[Black "Khotenashvili, Bela"]
[Result "0-1"]
[WhiteElo "2314"]
[BlackElo "2462"]
[Annotator "TA"]
[PlyCount "86"]
[EventDate "2018.07.09"]
[EventType "team-tourn"]
[EventCountry "CHN"]
[SourceTitle "playchess.com"]
[Source "ChessBase"]
[SourceQuality "1"]

{[%evp 13,86,-38,-26,-149,-131,-152,-132,-185,-170,-254,-284,-508,-493,-490,-493,-585,-591,-533,-585,-993,-1016,-1325,-1180,-1099,-806,-991,-991,-943,-895,-1918,-1889,-2128,-1252,-2237,-1504,-1525,-1518,-2032,-1914,-2247,-2237,-2235,-1439,-2175,-2194,-1797,-1439,-1277,-981,-890,-833,-1822,-1809,-1862,-1638,-2875,-2563,-1761,-1153,-1720,-1015,-1681,-1656,-1702,-1558,-2329,-1781,-29986,-29987,-29987,-29988,-29990,-29991,-29991,-29992]} 1. d4 Nf6 2. c4 g6 3. Nc3 d5 4. Bf4 Bg7 5. Rc1 Nh5 6. Bg5 h6 7. Bh4 {D82: Grünfeld: 4 Bf4} c5 {LiveBook: 15 Games} 8. dxc5 $146 {[#]} (8. Nxd5 $11 Nc6 9. e3) ({Predecessor:} 8. e3 cxd4 9. exd4 dxc4 10. Nf3 O-O 11. Bxc4 Bg4 12. O-O Nc6 13. d5 Nd4 14. Re1 Bxf3 15. gxf3 {0-1 (43) Dzagnidze,N (2535)-Svidler,P (2749) Caleta 2012}) 8... d4 $1 $17 {[%cal Rd4c3]} 9. Nd5 {[#]Black is clearly better.} g5 $1 10. e4 (10. Bg3 $17 {was necessary.} Nxg3 11. hxg3) 10... e6 $19 11. b4 (11. Bg3 $142 Nxg3 12. hxg3) 11... exd5 ({Resist} 11... gxh4 12. Qxh5 Nc6 13. Qe2 $17) 12. exd5 $2 (12. cxd5 Nf6 13. Bg3 Nxe4 14. Bb5+ Kf8 15. Qb3) 12... Qe7+ 13. Kd2 Nf6 (13... gxh4 $2 14. Qxh5 O-O 15. Bd3 $19) 14. Bg3 Ne4+ 15. Kc2 a5 16. a3 axb4 {Hoping for ...b3+!} 17. axb4 Bf5 {( -> ...Nxf2+)} 18. Bd3 Ra2+ {[%cal Ba8a2,Ba2d2,Bd2d3,Bd3e3,Be3e2][%mdl 32]} 19. Kb1 Rd2 20. Qa4+ Qd7 21. Qa7 O-O 22. Nf3 Rxd3 23. Bxb8 Nxf2 {White must now prevent ...Ra3+.} 24. Kb2 Re3 25. Rhd1 d3+ 26. Ka2 Nxd1 27. Rxd1 Qc8 28. Bg3 Qa8 29. Qa5 Re2+ 30. Ka3 g4 31. Nd2 Bc3 32. Nb3 d2 33. Bf4 Bc2 34. Rxd2 Bxd2 35. Nxd2 Rxg2 36. Qxa8 Rxa8+ 37. Kb2 Bf5 38. b5 Rf2 39. Be3 Rxh2 40. b6 Re8 {Black mates.} 41. Bf4 Rf2 42. Bxh6 g3 {[%cal Bg4g3,Bg3g2][%mdl 32]} 43. c6 g2 {Accuracy: White = 15%, Black = 100%.} 0-1

[Event "Yingmei CHN-chT 2018"]
[Site "Guangdong"]
[Date "2018.11.30"]
[Round "22"]
[White "Zuo, Yifan"]
[Black "Harikrishna, P.."]
[Result "0-1"]
[WhiteElo "2300"]
[BlackElo "2729"]
[Annotator "TA"]
[PlyCount "68"]
[EventDate "2018.07.09"]
[EventType "team-tourn"]
[EventCountry "CHN"]
[SourceTitle "playchess.com"]
[Source "ChessBase"]
[SourceQuality "1"]

{[%evp 19,68,16,17,-31,-33,-56,-54,-60,-58,-60,-58,-58,-70,-98,-101,-91,-91,-105,-105,-99,-83,-169,-172,-180,-169,-262,-264,-253,-243,-256,-226,-642,-647,-1193,-1184,-12840,-12836,-9838,-9845,-6287,-6490,-5610,-6490,-6490,-6420,-5586,-5561,-5510,-5506,-5569,-5557]} 1. d4 Nf6 2. Nf3 e6 3. c4 d5 4. Nc3 Bb4 5. Bg5 Nbd7 6. e3 c6 7. Nd2 O-O 8. cxd5 exd5 9. Bd3 {D38: Queen's Gambit Declined: Ragozin Defence (4 Nf3 Bb4)} Re8 10. O-O Nf8 {[%cal Bd7f8,Bf8e6,Be6f4,Bf4h3][%mdl 32] LiveBook: 11 Games} 11. e4 $146 {aiming for e5.The position is equal.} ({Predecessor:} 11. Qc2 Bd6 12. Bf5 Ng6 13. Bxc8 Rxc8 14. Qf5 Qd7 15. Qxd7 Nxd7 16. Nf3 Nb6 {1-0 (63) Alterman,B (2584)-Gabrielian,A (2589) Israel 2012}) 11... Ne6 12. Bxf6 Qxf6 13. e5 Qh6 14. a3 Bxc3 15. bxc3 Nf4 16. Bc2 {[#]} Bh3 $1 {[%mdl 512]} 17. g3 (17. gxh3 Qg5+) 17... Bxf1 18. Nxf1 Nh3+ 19. Kg2 f6 20. exf6 {[#]} (20. Qg4 $17 {is a better defense.} Nxf2 21. Kxf2) 20... Rf8 $1 $36 {[%mdl 2048] Black is on the roll.} ({Worse is} 20... gxf6 21. Qg4+ Kh8 22. Rb1 $16 (22. Qxh3 Qxh3+ 23. Kxh3 Re2 $14)) 21. f4 Rxf6 22. Qg4 {[#]} (22. Ra2 $142) 22... Nxf4+ $1 23. gxf4 Rxf4 24. Qg3 Raf8 25. Re1 $2 (25. Ne3) 25... Qf6 {Black is clearly winning.} 26. Ne3 Rf3 27. Qe5 Rf2+ ({Not} 27... Qh4 28. Rg1 $17) 28. Kg1 {[#]} Rg2+ $1 {[%mdl 576] Decoy} 29. Kxg2 (29. Nxg2 Qf2+) 29... Qf3+ 30. Kg1 Qf2+ {[%mdl 64] Double Attack} 31. Kh1 Qxe1+ {[%mdl 64] Double Attack} 32. Kg2 Rf2+ 33. Kh3 Rf3+ {[%mdl 64] Double Attack} 34. Kg4 Rxe3 {[%mdl 64] Double Attack. Accuracy: White = 23%, Black = 100%.} 0-1

[Event "Yingmei CHN-chT 2018"]
[Site "Guangdong"]
[Date "2018.11.30"]
[Round "22"]
[White "Lei, Tingjie"]
[Black "Zhao, Shengxin"]
[Result "0-1"]
[WhiteElo "2242"]
[BlackElo "2360"]
[Annotator "TA"]
[PlyCount "116"]
[EventDate "2018.07.09"]
[EventType "team-tourn"]
[EventCountry "CHN"]
[SourceTitle "playchess.com"]
[Source "ChessBase"]
[SourceQuality "1"]

{[%evp 17,116,22,37,34,39,35,35,35,35,38,45,47,35,41,41,36,17,18,22,28,95,44,45,35,50,42,44,39,46,47,50,45,43,23,20,15,64,63,74,68,67,31,50,19,17,10,14,0,15,2,12,10,0,15,0,0,59,0,0,0,0,0,0,0,0,0,0,0,0,0,0,0,0,-39,-41,-106,-117,-124,-116,-170,-146,-173,-34,-470,-477,-585,-577,-537,-506,-682,-456,-785,-801,-801,-780,-1656,-1655,-1381,-1204,-29981,-29982]} 1. Nf3 d5 2. g3 Nf6 3. Bg2 c6 4. O-O g6 5. b3 Bg7 6. Bb2 O-O 7. c4 Nbd7 8. d4 Ne4 9. e3 b6 {LiveBook: 4 Games. D78: Fianchetto Grünfeld: 6 0-0 c6} 10. Nbd2 Nxd2 11. Qxd2 Bb7 {White is slightly better.} 12. Rfd1 a5 $146 ({Predecessor:} 12... e6 13. Rac1 Qe7 14. cxd5 cxd5 15. Rc7 Rab8 16. Ne5 Bxe5 17. dxe5 {1-0 (49) Berkes,F (2649)-Iskandarov,M (2398) Baku 2014}) 13. Rac1 Qb8 14. cxd5 cxd5 15. Ba3 Re8 16. Bf1 Ba6 17. Bxa6 Rxa6 18. Rc6 a4 (18... Ra8 $11 {keeps the balance.}) 19. Bb4 (19. b4 $16) 19... axb3 $14 20. axb3 Qb7 21. Rc2 Ra7 22. Qd3 b5 23. Rdc1 Bf8 24. Qd2 Rea8 25. Ne1 {[%cal Bf3e1,Be1d3,Bd3f4][%mdl 32]} h5 26. Nd3 Ra1 27. Kg2 Rxc1 28. Qxc1 Ra7 29. h4 Kg7 30. Nf4 Nf6 31. Qf1 Qd7 32. Qd3 Ra6 33. Qc3 (33. Qe2 {with more complications.} Ra1 34. Nd3 Ng4 35. Ra2 Rxa2 36. Qxa2 Qe6 37. Qd2) 33... Ra7 34. Qc8 Qxc8 35. Rxc8 Ra1 36. Bc5 Ne4 (36... Ra2 $11) 37. Nxd5 (37. Rd8 $14) 37... Ra2 $11 38. Kg1 {Hoping for Nb6.} Ra1+ 39. Kg2 {Threatens to win with Nb6.} Ra2 40. Kf3 Nd2+ 41. Kf4 Nxb3 42. Bxe7 Bxe7 43. Nxe7 Rxf2+ {[%mdl 4096] Endgame KRN-KRN} 44. Ke5 Re2 45. Nd5 Nd2 46. Rc7 {[#]} (46. Rb8 $15) 46... b4 $1 $17 {[%cal Rb4b3]} 47. Nxb4 Rxe3+ {[%mdl 64] Double Attack} 48. Kd6 (48. Kd5 $17 {was worth a try.}) 48... Rxg3 $19 49. Nc6 Nf3 (49... Rg4 $19 50. Re7 Rxh4) 50. Ke7 $2 {[%mdl 8192]} (50. Ne5 $15 Nxe5 51. Kxe5) 50... Nxh4 51. d5 Nf5+ 52. Kd8 Rd3 53. Rd7 Ne3 54. d6 (54. Ke8 $142 Nxd5 55. Rxf7+ Kh6 56. Rf1) 54... Nc4 55. Kc7 h4 {[%cal Bh5h4,Bh4h3][%mdl 32]} 56. Nd8 {[#]} Nxd6 $1 {[%mdl 512]} 57. Kc6 (57. Rxd6 Rxd6) 57... h3 {...h2 is the strong threat.} 58. Nxf7 Nxf7 {Accuracy: White = 29%, Black = 61%.} 0-1

[Event "Yingmei CHN-chT 2018"]
[Site "Guangdong"]
[Date "2018.11.30"]
[Round "22"]
[White "Huang, Qian"]
[Black "Wang, Jue"]
[Result "1/2-1/2"]
[WhiteElo "2183"]
[BlackElo "2351"]
[Annotator "NA RC"]
[PlyCount "64"]
[EventDate "2018.07.09"]
[EventType "team-tourn"]
[EventCountry "CHN"]
[SourceTitle "playchess.com"]
[Source "ChessBase"]
[SourceQuality "1"]
[TimeControl "5400+30"]

{[%evp 8,60,3,32767,17,32767,26,-14,14,-14,32767,-23,2,4,32767,32767,32767,32767,32767,32767,32767,32767,32767,11,26,0,32767,0,-2,0,0,0,0,0,-1,0,32767,0,32767,32767,32767,32767,0,32767,32767,32767,32767,32767,32767,32767,0,0,32767,0,0]} 1. Nf3 {[%emt 0:00:00]} Nf6 {[%emt 0:00:00]} 2. g3 {[%emt 0:00:25]} d5 {[%emt 0:00:00]} 3. Bg2 {[%emt 0:00:06]} e6 {[%emt 0:00:32]} 4. O-O {[%emt 0:00:34]} Be7 {[%emt 0:00:04]} 5. c4 {[%emt 0:00:16]} O-O {[%emt 0:00:15]} 6. b3 {[%emt 0:03:16]} c5 {[%emt 0:03:58]} 7. d4 {[%emt 0:01:41]} Nc6 {[%emt 0:18:00]} 8. Bb2 {[%emt 0:05:21]} dxc4 {[%emt 0:05:11] A14: English Opening: 1...e6 with b3 by White} 9. bxc4 {[%emt 0:01:30]} cxd4 {[%emt 0:02:29] LiveBook: 4 Games} 10. Nxd4 {[%emt 0:00:05]} Na5 {[%emt 0:00:08]} (10... Bd7 11. Nxc6 Bxc6 12. Bxc6 bxc6 13. Qc2 Nd7 14. Rd1 Qc7 15. Nd2 Bf6 16. Ne4 Bxb2 17. Qxb2 {½-½ (36) Grachev,B (2657)-Golubov,S (2488) Khanty-Mansiysk 2017}) 11. Nd2 {[%emt 0:06:13]} Bd7 {[%emt 0:01:49]} 12. Bc3 {[%emt 0:07:09]} Nc6 $146 {[%emt 0:09:24]} ({Predecessor:} 12... Rc8 13. Rc1 Nc6 14. N2f3 Qc7 15. Nb5 Qb8 16. Qb3 {½-½ (41) Steindorsson,S (2215)-Thorhallsson,T (2435) Reykjavik 2014}) 13. Nxc6 {[%emt 0:11:42]} Bxc6 {[%emt 0:00:05]} 14. Bxc6 {[%emt 0:00:07]} bxc6 {[%emt 0:00:08]} 15. Nb3 {[%emt 0:00:49]} Qc8 {[%emt 0:03:34]} 16. Qc2 {[%emt 0:00:41]} c5 {[%emt 0:08:40]} 17. Bxf6 {[%emt 0:06:29]} Bxf6 {[%emt 0:00:10]} 18. Rab1 {[%emt 0:00:40]} Qc7 {[%emt 0:01:36]} 19. Nc1 {[%emt 0:03:23]} Rab8 {[%emt 0:06:31]} 20. Nd3 {[%emt 0:01:21]} g6 {[%emt 0:03:16]} 21. Rxb8 {[%emt 0:05:08]} Rxb8 {[%emt 0:03:14]} 22. Rb1 {[%emt 0:00:42]} Rxb1+ {[%emt 0:00:32]} 23. Qxb1 {[%emt 0:00:05]} Qb6 {[%emt 0:00:02]} 24. Qc2 {[%emt 0:01:23]} Qa5 {[%emt 0:04:45]} 25. Kg2 {[%emt 0:01:06]} Qb6 {[%emt 0:00:20]} 26. e3 {[%emt 0:00:52]} Qc6+ {[%emt 0:00:37]} 27. f3 {[%emt 0:00:10]} Kg7 {[%emt 0:03:09]} 28. Nf2 {[%emt 0:01:45]} Be7 {[%emt 0:02:18]} 29. Qb2+ {[%emt 0:01:06]} Bf6 {[%emt 0:00:41]} 30. Qc2 {[%emt 0:01:39]} Be7 $11 {[%emt 0:04:37]} 31. Ne4 {[%emt 0:05:53]} f5 {[%emt 0:00:48]} 32. Nf2 {[%emt 0:04:11]} Bf6 {[%emt 0:03:47]} 1/2-1/2

[Event "Yingmei CHN-chT 2018"]
[Site "Guangdong"]
[Date "2018.11.30"]
[Round "22"]
[White "Liu, Zhaoqi"]
[Black "Liu, Guanchu"]
[Result "1-0"]
[WhiteElo "2165"]
[BlackElo "2432"]
[Annotator "TA"]
[PlyCount "97"]
[EventDate "2018.07.09"]
[EventType "team-tourn"]
[EventCountry "CHN"]
[SourceTitle "playchess.com"]
[Source "ChessBase"]
[SourceQuality "1"]

{[%evp 11,97,20,40,-4,33,34,33,25,32,27,29,28,29,-4,4,0,104,102,96,92,128,121,123,129,132,110,158,166,170,171,175,180,165,156,165,137,150,115,115,122,113,116,139,103,137,140,141,91,120,116,120,119,136,145,148,135,165,160,239,153,177,172,219,215,281,215,322,319,290,130,155,96,490,487,480,473,737,523,523,514,535,466,783,719,29990,29985,29998,29999]} 1. c4 e5 2. Nc3 Bb4 3. Nd5 a5 4. a3 Be7 5. Nf3 (5. g3 Nf6 6. Bg2 Nxd5 7. cxd5 c6 8. e3 cxd5 9. Ne2 d4 10. exd4 exd4 11. Nxd4 O-O 12. O-O {1-0 (40) Dubov,D (2703)-Artemiev,V (2706) Sochi 2018}) 5... d6 6. d4 {[%cal Bd2d4,Bd4d5][%mdl 32] A21: English Opening: 1...e5 2 Nc3} Nc6 {LiveBook: 4 Games} 7. Nxe7 (7. e3 {is interesting.} f5 8. dxe5 dxe5 9. b3 Nf6 10. Bb2) 7... Qxe7 8. d5 {White is slightly better.} Nb8 9. e4 $146 ({Predecessor:} 9. b3 Nf6 10. e3 O-O 11. Be2 c6 12. dxc6 Nxc6 {0-1 (55) Dimitrov,R (2500)-Vetoshko,V (2417) Albena 2016}) 9... f5 10. Bd3 {[%cal Bf1d3,Bd3e4,Be4h7][%mdl 32]} fxe4 11. Bxe4 Nf6 12. Bg5 O-O 13. Qc2 {And now Bxh7+! would win.} h6 {[#]} (13... Qf7 $11 {keeps the balance.}) 14. Bh7+ $1 $16 {[%mdl 512]} Kh8 (14... Nxh7 15. Bxe7) 15. Nh4 $1 $36 {[%cal Rh4g6][%mdl 2048] White is in control.} Qe8 16. Ng6+ Kxh7 17. Nxf8+ Kg8 18. Bxf6 {Threatening mate with Qh7+.} Kxf8 19. Bh4 Qh5 20. Bg3 $1 Bf5 21. Qc3 $1 Nd7 {[%cal Bb8d7,Bd7c5,Bc5b3][%mdl 32]} 22. O-O a4 23. f3 Qg6 24. Kh1 Bd3 25. Rfe1 Nc5 26. Rad1 {Hoping for Bf2.} Bf5 27. Rf1 b6 28. Bf2 Nb3 29. Be3 Kg8 30. Rf2 h5 31. f4 exf4 32. Rxf4 Be4 {[%csl Ge4][%cal Rg6g2]} 33. Rf2 Re8 34. Kg1 h4 (34... Re5 $16 35. Re1 Bb1) 35. Re1 h3 {[%cal Re4g2]} 36. g3 Bd3 37. Rf4 Re5 38. Bd4 Re2 (38... Nxd4 $142 39. Rxd4 Be2) 39. Rxe2 $18 Bxe2 {[#]} 40. Kf2 (40. Qe1 $1 $18 {[%cal Re1e2] and the rest is easy.} Nxd4 41. Rxd4) 40... Bh5 $16 {[#]} 41. g4 ({White should play} 41. Be3 $1) 41... Nxd4 $4 {[%mdl 8192]} (41... Bxg4 $16 42. Bxg7 Bf5) 42. Qxd4 {[%mdl 4096] Endgame KQR-KQB} Qc2+ 43. Kg3 Qg2+ 44. Kh4 Bg6 45. Rf2 Qh1 46. Qf4 Qd1 (46... Qe1 $142 47. Kxh3 Qd1) 47. Kg5 $18 Bd3 48. Rf3 Qc2 49. Qf8+ {Accuracy: White = 68%, Black = 34%.} 1-0

[Event "Yingmei CHN-chT 2018"]
[Site "Guangdong"]
[Date "2018.11.30"]
[Round "22"]
[White "Zhu, Jiner"]
[Black "Gong, Qianyun"]
[Result "1-0"]
[WhiteElo "2107"]
[BlackElo "2328"]
[Annotator "TA"]
[PlyCount "91"]
[EventDate "2018.07.09"]
[EventType "team-tourn"]
[EventCountry "CHN"]
[SourceTitle "playchess.com"]
[Source "ChessBase"]
[SourceQuality "1"]

{[%evp 16,91,16,5,59,42,36,41,43,39,28,19,47,8,8,4,4,5,5,5,6,6,6,9,9,9,12,3,6,0,3,3,3,3,3,3,3,3,3,3,3,3,3,3,3,3,3,3,12,0,31,0,0,0,8,2,14,15,16,15,15,15,75,63,141,105,489,462,1286,1187,1260,1201,1078,442,5600,5405,5069,1642]} 1. e4 e6 2. d4 d5 3. Bd3 c5 4. exd5 exd5 5. dxc5 Bxc5 6. Nf3 Nf6 7. O-O O-O 8. Bg5 Nc6 9. Nc3 {LiveBook: 26 Games} d4 {C01: French: Exchange Variation} (9... h6 $11 10. Bxf6 Qxf6) (9... Be6 10. Qd2 Re8 11. Rfe1 h6 12. Bh4 d4 13. Bxf6 Qxf6 14. Ne4 Qe7 15. a3 Bb6 16. Re2 a5 17. Ng3 a4 {½-½ (70) Bauer,C (2644)-Ernst,S (2541) Maastricht 2018}) 10. Bxf6 $146 ({Predecessor:} 10. Ne4 Be7 11. Qd2 h6 12. Nxf6+ Bxf6 13. Bxh6 Ne5 14. Nxe5 Bxe5 15. Bf4 Bf6 16. Rfe1 Be6 17. Be5 {0-1 (64) Rieping,H (1878)-Evers,A (1755) Rotenburg 2012}) 10... Qxf6 11. Ne4 Qe7 $1 {White is slightly better.} 12. Re1 h6 13. Bb5 Rd8 14. Bxc6 (14. Bc4 $5 {[%cal Re4g5]}) 14... bxc6 15. Nxc5 Qxc5 16. Re4 {[%cal Re4d4]} Rb8 17. b3 {[%cal Re4d4]} Bf5 18. Rxd4 Rxd4 19. Qxd4 Qxc2 20. Qxa7 Rd8 21. Qe3 Be4 22. Rc1 Bxf3 23. gxf3 Qxa2 24. Rxc6 $11 {[%mdl 4096] Endgame KQR-KQR} Rd1+ 25. Kg2 {[#] Threatening mate with Rc8+.} Qa1 26. Qe8+ Kh7 $132 {[%mdl 2048] Black is fighting back} 27. Qe4+ g6 {( -> ...Rg1+)} 28. Qc4 Rg1+ 29. Kh3 Kg7 30. Qc3+ Qxc3 31. Rxc3 {KR-KR} g5 32. Rc4 h5 33. b4 Rb1 34. Kg2 Kh7 35. h3 Rb3 36. f4 g4 37. hxg4 hxg4 38. f5 Rf3 (38... Kg7 $1 $11 {keeps the balance.}) 39. Rxg4 $16 Rxf5 ({Black should try} 39... Rb3 $1 $14) 40. Kf1 Rb5 $2 {[%mdl 8192]} (40... Re5 $16 {is more resistant.} 41. Kg2 f5) 41. Ke2 $18 {White is clearly winning.} f5 (41... Kh6 $142 42. Kd3 Kh5) 42. Rd4 Kg6 {[#]} 43. Kd3 $1 {[%cal Rd3c4]} Kf6 44. Kc4 (44. f4 $142 Rb8 45. Kc4) 44... Re5 (44... Rb8 $142 45. f4 Rc8+ 46. Kb3 Rb8 47. Rd6+ Kf7) 45. b5 Re2 46. f4 {Accuracy: White = 70%, Black = 34%.} 1-0

[Event "Yingmei CHN-chT 2018"]
[Site "Guangdong"]
[Date "2018.11.30"]
[Round "22"]
[White "Ding, Yixin"]
[Black "Li, Xueyi"]
[Result "1-0"]
[WhiteElo "2089"]
[BlackElo "2446"]
[Annotator "TA"]
[PlyCount "131"]
[EventDate "2018.07.09"]
[EventType "team-tourn"]
[EventCountry "CHN"]
[SourceTitle "playchess.com"]
[Source "ChessBase"]
[SourceQuality "1"]

{[%evp 22,131,20,-10,47,52,61,62,53,32,54,54,58,40,55,62,58,59,74,67,96,90,124,120,116,106,113,110,123,117,148,140,140,120,162,152,323,319,323,325,316,331,319,313,392,389,404,408,397,404,391,387,371,374,571,552,609,597,609,606,609,609,929,389,389,389,389,389,389,389,389,389,473,506,483,489,1012,964,29972,91,112,120,792,786,747,397,390,370,364,363,318,179,558,558,556,554,547,539,479,501,883,881,863,854,795,767,29981,29980,29982,29983,29988,29989]} 1. Nf3 d5 2. d4 Nf6 3. g3 c6 4. Bg2 Bf5 5. O-O h6 6. c4 e6 7. Qb3 Qb6 8. c5 Qxb3 9. axb3 Nbd7 10. b4 Be7 11. Nc3 Ne4 {D11: Slav Defence: 3 Nf3 sidelines and 3...Nf6 4 e3 Bg4} 12. Nd2 {LiveBook: 3 Games} Nxc3 (12... Nxd2 $1 $11 13. Bxd2 O-O) 13. bxc3 $14 O-O {White is slightly better.} 14. e4 dxe4 15. Nxe4 a6 {[#]} 16. Re1 $146 ({Predecessor:} 16. c4 Nf6 17. Nxf6+ Bxf6 18. Be3 {1-0 (73) Adly,A (2548)-Abou el Zein,E (2357) Cairo 2009}) 16... Nf6 17. Nd2 {[%cal Be4d2,Bd2c4,Bc4b6][%mdl 32]} Rad8 18. Nc4 Nd5 19. Bd2 Rd7 20. Rac1 Nc7 21. Bf4 Nd5 22. Bxd5 cxd5 23. Nb6 $1 {[%cal Rb6d7]} Rdd8 24. Bc7 Rde8 25. Re3 Bg5 26. f4 $36 {[%mdl 2048] White is really pushing.} Be7 27. c4 Be4 28. b5 f5 $2 (28... Bf6 $16) 29. bxa6 $18 bxa6 30. cxd5 exd5 31. Be5 Bd8 32. Ra3 Rf7 33. Rxa6 Rb7 34. Ra8 Kf7 35. Nc8 Be7 36. c6 {[%cal Bc5c6,Bc6c7][%mdl 32]} Rb2 37. c7 $1 Rg2+ (37... Bb4 $142 38. Nd6+ Bxd6) 38. Kf1 Rxh2 {aiming for ...Rh1+.} 39. Rc6 Rh1+ 40. Kf2 Rh2+ 41. Ke3 Rg2 42. Nd6+ (42. Rb8 $142 Rxg3+ 43. Ke2) 42... Bxd6 43. Rxe8 Bxc7 {[#]} 44. Ra8 $1 Rxg3+ 45. Kf2 Rg2+ 46. Kf1 Bxe5 47. fxe5 {[%mdl 4096] Endgame KRR-KRB} ({Weaker is} 47. dxe5 Rc2 $18) 47... Rc2 48. e6+ Ke7 (48... Kf6 $142 49. Rf8+ Ke7 50. Rf7+ {[%mdl 64] Double Attack} Ke8) 49. Ra7+ Kf6 50. Rb6 $2 (50. e7+ {mates} Rxc6 51. e8=Q Rc1+ 52. Kf2 Rc2+ 53. Ke1 Rc1+ 54. Kd2 Rc2+ 55. Kd1) 50... Bd3+ 51. Kg1 {[%mdl 1024] White has strong compensation.} Re2 $2 {[%mdl 8192]} (51... Rc8 $16) 52. e7+ $1 Kg5 53. Rb8 Re1+ 54. Kf2 Re2+ 55. Kf3 Rc2 {( -> ...Be4+)} 56. Rf8 (56. e8=Q $142 Be4+ 57. Qxe4 (57. Kg3 $2 {leads to mate.} f4+ 58. Kh3 Bf5#) 57... dxe4+ 58. Ke3 Rc3+ 59. Ke2) 56... Be4+ $2 {[#]} (56... Be2+ 57. Ke3 Bh5) 57. Ke3 $1 f4+ 58. Rxf4 Rc3+ 59. Kd2 Rd3+ 60. Ke2 Kxf4 (60... Bg6 $142 61. Rf8 Rxd4) 61. e8=Q {White threatens Qe5+ and mate.} Re3+ 62. Kd2 {Intending Qe5+ and mate.} Rd3+ 63. Kc1 Rxd4 64. Qf8+ {White mates.} Ke3 65. Qc5 g5 66. Ra4 {Accuracy: White = 70%, Black = 31%.} 1-0